| 000 | 00655nam a2200205 i 4500 | ||
|---|---|---|---|
| 001 | 89768 | ||
| 003 | ES-MaACL | ||
| 005 | 20230906180250.0 | ||
| 007 | t| | ||
| 008 | 050112s1906 fr ||||1| fre d | ||
| 100 | 1 |
_aLaunay, Louis de ( _d1860-1938) _970603 |
|
| 245 | 1 | 2 |
_aL'Histoire de la Terre / _cpar L. de Launay. |
| 260 |
_aParis : _bErnest Flammarion, _c1906 ( _fHemmerlé et Cie.) |
||
| 300 |
_a312 p. ; _c19 cm. |
||
| 490 | 1 | _aBibliothèque de philosophie scientifique | |
| 650 | 4 |
_aTierra (Planeta)- _vHistoria. _9184124 |
|
| 830 | 0 |
_aBibliothèque de philosophie scientifique _9181135 |
|
| 852 |
_aES-MaACL _jF-6110 |
||
| 999 |
_c89768 _d89768 |
||